Maya 5 fundamentals / (Record no. 696)
[ view plain ]
| 000 -LEADER | |
|---|---|
| fixed length control field | 01101nac a22002411u 4500 |
| 008 - FIXED-LENGTH DATA ELEMENTS--GENERAL INFORMATION | |
| fixed length control field | 100907t xxu||||| |||| 00| 0 eng d |
| 010 ## - LIBRARY OF CONGRESS CONTROL NUMBER | |
| LC control number | 2003112024 |
| 020 ## - INTERNATIONAL STANDARD BOOK NUMBER | |
| International Standard Book Number | 0735713723 |
| 020 ## - INTERNATIONAL STANDARD BOOK NUMBER | |
| International Standard Book Number | 8176357316 |
| 082 00 - DEWEY DECIMAL CLASSIFICATION NUMBER | |
| Classification number | 006.696 |
| Item number | L6731 |
| 100 ## - MAIN ENTRY--PERSONAL NAME | |
| Personal name | Lewis, Garry. |
| 9 (RLIN) | 18544 |
| 245 10 - TITLE STATEMENT | |
| Title | Maya 5 fundamentals / |
| Statement of responsibility, etc | Garry Lewis and Jim Lammers. |
| 260 ## - PUBLICATION, DISTRIBUTION, ETC. (IMPRINT) | |
| Place of publication, distribution, etc | New Delhi : |
| Name of publisher, distributor, etc | New Riders, |
| Date of publication, distribution, etc | c2004. |
| 300 ## - PHYSICAL DESCRIPTION | |
| Extent | xlii, 553 p., [8] p. of plates : |
| Other physical details | ill. (some col.) ; |
| Dimensions | 24 cm. + |
| Accompanying material | 1 CD-ROM (4 3/4 in.) |
| 500 ## - GENERAL NOTE | |
| General note | DVD-ROM includes all the files needed to complete the book's projects and movie files demonstrating the techniques in every tutorial. |
| 500 ## - GENERAL NOTE | |
| General note | Includes index. |
| 538 ## - SYSTEM DETAILS NOTE | |
| System details note | System requirements: Windows or Macintosh; DVD-ROM drive. |
| 650 #0 - SUBJECT ADDED ENTRY--TOPICAL TERM | |
| Topical term or geographic name as entry element | Computer animation. |
| 9 (RLIN) | 18545 |
| 650 #0 - SUBJECT ADDED ENTRY--TOPICAL TERM | |
| Topical term or geographic name as entry element | Three-dimensional display systems. |
| 9 (RLIN) | 18546 |
| 700 1# - ADDED ENTRY--PERSONAL NAME | |
| Personal name | Lammers, Jim. |
| 9 (RLIN) | 18547 |
| 942 ## - ADDED ENTRY ELEMENTS (KOHA) | |
| Item type | Book - Borrowing |
| Call number prefix | 006.696L6731 |
| Source of classification or shelving scheme | Dewey Decimal Classification |
| Withdrawn status | Item status | Source of classification or shelving scheme | Damaged status | Not for loan | Vendor | Home library | Current library | Shelving location | Date acquired | Source of acquisition | Cost, normal purchase price | Total Checkouts | Full call number | Barcode | Date last seen | Date last borrowed | Cost, replacement price | Koha item type |
|---|---|---|---|---|---|---|---|---|---|---|---|---|---|---|---|---|---|---|
| Dewey Decimal Classification | Central Library | Central Library | Lower Floor | 25/07/2006 | 120.00 | 1 | 006.696 LEW | 000003908 | 15/07/2025 | 19/01/2011 | 150.00 | Book - Borrowing |